| 000 | 00320nam a22001217a 4500 | ||
|---|---|---|---|
| 003 | OSt | ||
| 005 | 20250924161131.0 | ||
| 008 | 250924b |||||||| |||| 00| 0 eng d | ||
| 040 | _cChina Intercontinental Press | ||
| 082 |
_a363.738746 _bHAI |
||
| 245 |
_aChina and Global Climate Governance _cZhang Haibin |
||
| 942 |
_2ddc _cBK |
||
| 999 |
_c4137 _d4137 |
||